FOOTBALL - Classement Phase de Ligue LDC 2025/2026 - Statistiques

Statistiques générales
  • Ce quiz a été pris 83 fois
  • Le résultat moyen est 26 sur 36
Statistiques - réponses
Position Équipe Points % Correct
11 Paris Saint-Germain 14
100%
5 Barcelone 16
97%
2 Bayern Munich 21
97%
1 Arsenal 24
95%
9 Real Madrid 15
95%
14 Atletico de Madrid 13
92%
3 Liverpool 18
91%
8 Manchester City 16
91%
21 AS Monaco 10
89%
6 Chelsea 16
89%
10 Inter Milan 15
89%
24 SL Benfica 9
86%
7 Sporting 16
86%
25 Olympique de Marseille 9
84%
23 Bodø/Glimt 9
83%
17 Borussia Dortmund 11
83%
4 Tottenham 17
80%
13 Juventus 13
78%
32 Ajax Amsterdam 6
75%
16 Bayer Leverkusen 12
75%
15 Atalanta Bergame 13
73%
30 Naples 8
73%
12 Newcastle 14
73%
19 Club Bruges 10
69%
28 PSV Eindhoven 8
69%
26 Páfos 9
63%
20 Galatasaray 10
61%
29 Athletic Club 8
59%
36 Kaïrat Almaty 1
44%
22 Qarabağ 10
44%
27 Union Saint-Gilloise 9
44%
18 Olympiakós 11
41%
33 Eintracht Francfort 4
39%
31 Copenhague 8
38%
35 Villareal CF 1
38%
34 Slavia Prague 3
33%
Aucun quiz correspondant
Distribution des résultats
% des personnes avec chaque résultat
Percentile par nombre de réponses
Votre historique - résultats
Vous n’avez pas pris ce quiz